| 000 | 00488nam a2200169Ia 4500 | ||
|---|---|---|---|
| 003 | GCL | ||
| 008 | 140319s9999 xx 000 0 ara d | ||
| 040 |
_aGCL / _cGCL |
||
| 082 | 0 | 4 |
_aط _b372.55 _bح ت |
| 100 | 1 | _aحسين ابو زيد | |
| 245 | 1 | 0 |
_aتعال نصنع / _cحسين ابو زيد |
| 260 |
_a[S.N] : _bمركز الاهرام للترجمة والنشر ، _c1992 |
||
| 490 | _a | ||
| 650 | 0 | 4 | _aالاطفال |
| 650 | 0 | 4 | _aالحرف اليدوية |
| 942 |
_2ddc _cBK |
||
| 999 |
_c56756 _d56756 |
||